[Event "Baltija Cup op 7th"]
[Site "Palanga"]
[Date "2010.06.24"]
[Round "8"]
[White "Khachatrian, Aram"]
[Black "Mierins, Eriks"]
[Result "0-1"]
[WhiteElo "2162"]
[BlackElo "2153"]
[PlyCount "142"]
[EventDate "2010.06.20"]
[EventType "swiss"]
[EventRounds "8"]
[EventCountry "LTU"]
[SourceTitle "EXT 2022"]
[Source "ChessBase"]
[SourceDate "2021.10.06"]
[SourceVersion "1"]
[SourceVersionDate "2021.10.06"]
[SourceQuality "1"]

1. Nf3 d5 2. d4 Nf6 3. c4 c6 4. e3 Bf5 5. Nc3 e6 6. Bd3 Bxd3 7. Qxd3 Nbd7 8. 0-0 Be7 9. e4 dxe4 10. Nxe4 Nxe4 11. Qxe4 Nf6 12. Qe2 0-0 13. b3 Qc7 14. Bb2 Rfd8 15. Rad1 a5 16. a4 b5 17. cxb5 cxb5 18. Qxb5 Rdb8 19. Qd3 Qb7 20. Nd2 Nd5 21. Qe4 Bb4 22. Nb1 Bd6 23. Rd3 Nf4 24. Qxb7 Rxb7 25. Rf3 Rab8 26. Nd2 Ne2+ 27. Kh1 Rb4 28. Rd1 Nxd4 29. Rd3 e5 30. Ba3 R4b6 31. Nc4 Bxa3 32. Nxa3 Rxb3 33. Rxb3 Rxb3 34. Nc4 f6 35. Nxa5 Ra3 36. Nc4 Rxa4 37. Ne3 Ra2 38. Kg1 Kf7 39. g3 h5 40. h4 g5 41. hxg5 Nf3+ 42. Kg2 Nxg5 43. Rc1 Kg6 44. Rc6 Ne4 45. Rc2 Rxc2 46. Nxc2 Kg5 47. Ne3 Nd2 48. Nd5 e4 49. Kh3 Nf3 50. Nf4 Nd4 51. Nd5 f5 52. Nf4 h4 53. Nd5 hxg3 54. Kxg3 f4+ 55. Kg2 f3+ 56. Kf1 Nc2 57. Kg1 Kf5 58. Kh2 e3 59. fxe3 Ke4 60. Kg3 Ne1 61. Nf6+ Kxe3 62. Ng4+ Ke2 63. Nf2 Nc2 64. Nh3 Ke3 65. Nf2 Nd4 66. Nd1+ Kd2 67. Nf2 Ke2 68. Ng4 Nf5+ 69. Kh3 Ne3 70. Nh2 f2 71. Kg3 Nf1+ 0-1